000 00841nam a22002537a 4500
003 BUBTL
008 140129b xxu||||| |||| 00| 0 eng d
020 _a9780030220548
041 _aeng
082 _a658.15/ G171m/ 2000
100 _957
_aGardner, Mona J.
245 _aManaging financial institutions /
_c Mona J. Gardner, Dixie L. Mills, Elizabeth S. Cooperman
250 _a4th ed.
260 _aNew York:
_bThe Dryden,
_cc2000.
300 _a935 p. :
_c26 cm.
500 _aIncludes Index
505 _aManaging financial institutions, The Environment of Asset, Liability Management, Overview and Performance Analysis of Depository
650 0 _918
_aFinance
700 _95656
_aMills, Dixie L.
700 _95658
_a Cooperman, Elizabeth S.
856 _k0
_l0
_yDownload
942 _2ddc
_cBK
999 _c42
_d42